000 00440nam a22001817a 4500
003 OSt
008 230127b ||||| |||| 00| 0 eng d
020 _a9788131716342
082 _a658 TUB
100 _aTULSIAN,PC
245 _aBusiness Organisation and Management
250 _aEd
260 _aUP
_bPearson
_c2008
300 _aMISC
650 _aBusiness Organisation and Management
700 _aPANDEY,Vishal
942 _2ddc
_cREF
999 _c11761
_d11761